000
00308nam a2200133 a 4500
005
20140414131918.0
008
101020s19uu xx 00 eng d
050
_a
ER
_b
In8 1997
100
_a
245
_a
In the kitchen.
260
_b
Rhythm,
_c
1997.
440
_a
Twinkle Star Readers
999
_c
111572
_d
111572